LEADER 00971nam a2200265 i 4500 001 991002884149707536 008 160209s2015 it b 001 0 ita d 020 $a9788867602964 035 $ab14248311-39ule_inst 040 $aDip. di Studi Umanistici$bita 041 1 $aita$agrc$hgrc 082 0 $a880.1 100 0 $aAristophanes$0602827 245 10$aFrammenti /$cAristofane ; testo traduzione e commento a cura di Metteo Pellegrino 260 $aLecce :$bPensa MultiMedia,$c2015 300 $a498 p. ;$c21 cm 440 0$aProsopa.$pTeatro greco: studi e commenti ;$v8 504 $aBibliografia: p. 13-36. Indice 700 1 $aPellegrino, Matteo 907 $a.b14248311$b08-07-16$c09-02-16 912 $a991002884149707536 945 $aLE007 880.1 Aristophanes 2015-01$g1$i2007000266892$lle007$og$pE38.00$q-$rl$s- $t0$u1$v0$w1$x0$y.i15711195$z09-02-16 996 $aFrammenti$93368783 997 $aUNISALENTO 998 $ale007$b09-02-16$cm$da $e-$fita$git $h0$i0